01480cam a2200325 a 45000010009000000050017000090080041000260100017000670200015000840350023000990400028001220410011001500420014001610820022001751000033001972450113002302460038003432600160003813000043005415000244005845040041008285460033008696000047009026500015009496500038009646500019010027000033010217100047010547100053011011353625920220326193342.0040325s2000 nmua bc 000 0deng d a 2004298066 a0890133786 a(OCoLC)ocm46805339 aCOOcCOOdPMCdCUSdDLC0 aengspa alccopycat00a759.972.91bG216c1 aGarciandía, Flavio,d1954-10aClyfford Still picking mangos in the patio :bFlavio Garciandía was there /cessay by Juan Antonio Molina.14aFlavio Garciandía, recent works aSanta Fe [N.M.] :bMuseum of Fine Arts in collaboration with Galería Ramis Barquet, Monterrey, Mexico and New York :bMuseum of New Mexico Press,cc2000. a1 v. (unpaged) :bill. (col.) ;c22 cm a"Published to coincide with the exhibition 'Clyfford Still picking mangos in the patio (Flavio Garciandía was there),' organized by Museum of Fine Arts, Santa Fe, in association with Galería Ramis Barquet, Monterrey, Mexico"--Colophon. aIncludes bibliographical references. aText in English and Spanish.10aGarciandía, Flavio,d1954-vExhibiciones aArtezCuba aExhibiciones-Museo Nuevo México aPintura Cubana1 aMolina, Juan Antonio,d1965-2 aMuseum of Fine Arts (Museum of New Mexico)2 aGalería Ramis Barquet (Garza García, Mexico)